| 000 | 01012nam a22003257a 4500 | ||
|---|---|---|---|
| 001 | BR0503837 | ||
| 003 | BR-BrBNA | ||
| 005 | 20230928102006.0 | ||
| 007 | ta | ||
| 008 | 230509b bl.||||| |||| 00| 0 por d | ||
| 040 |
_aBR-BrBNA _bpor _cBiblioteca Nacional de Agricultura |
||
| 041 | _a(Por) | ||
| 072 | _aK10 | ||
| 090 | _ K10 BR0503837 | ||
| 100 | 1 | _aNunes, Y.R.F. | |
| 110 | 1 |
_aUniversidade Federal de Lavras, MG (Brasil) _0Tese (Doutorado) |
|
| 245 | 1 | _aDinâmica da comunidade arbórea e da sua regeneração em um fragmento de floresta semidecidual em Lavras, Minas Gerais | |
| 260 | 3 |
_aLavras, MG (Brasil): _c2005. |
|
| 300 | _a106 p. | ||
| 500 | _aSummaries (Eng, Por); Bibliography p. 81-97; 23 tables | ||
| 650 | _aFLORESTA | ||
| 650 | _aDINÂMICA POPULACIONAL | ||
| 650 | _aREGENERAÇÃO NATURAL | ||
| 650 | _aRESERVA FLORESTAL | ||
| 650 | _aÁREA BASAL | ||
| 650 | _aRECONHECIMENTO FLORESTAL | ||
| 650 | _aMINAS GERAIS | ||
| 909 |
_a202309 _bLucia _c55 _dLucia Elande |
||
| 942 | _cBK | ||
| 999 |
_c68595 _d68595 |
||